Consultation paper on a proposed Housing Bill (Record no. 110498)
[ view plain ]
| 000 -LEADER | |
|---|---|
| fixed length control field | 01589cad a22002295a 4500 |
| 001 - CONTROL NUMBER | |
| control field | E149443 |
| 008 - FIXED-LENGTH DATA ELEMENTS--GENERAL INFORMATION | |
| fixed length control field | 100308s2010 xxk f s000 0 eng d |
| 035 ## - SYSTEM CONTROL NUMBER | |
| System control number | (Sirsi) u149443 |
| 041 0# - LANGUAGE CODE | |
| Language code of text/sound track or separate title | eng |
| 050 04 - LIBRARY OF CONGRESS CALL NUMBER | |
| Classification number | 306.1 $2 18 |
| 245 00 - TITLE STATEMENT | |
| Title | Consultation paper on a proposed Housing Bill |
| Remainder of title | the private rented sector, licensing of mobile home sites and the twenty year rules |
| Medium | [electronic resource] |
| 260 ## - PUBLICATION, DISTRIBUTION, ETC. | |
| Place of publication, distribution, etc. | Edinburgh |
| Name of publisher, distributor, etc. | Scottish Government |
| Date of publication, distribution, etc. | 2010 |
| 505 2# - FORMATTED CONTENTS NOTE | |
| Formatted contents note | Introduction -- Part 1, landlord registration -- Part 2, licensing of houses in multiple occupation -- Part 3, overcrowding -- Part 4, tenancy regime -- Part 5, licensing of mobile home sites -- Part 6, facilitating private investment in housing, the twenty year rules -- Annexes |
| 520 ## - SUMMARY, ETC. | |
| Summary, etc. | A consultation on various proposals put forward by the Scottish Private Rented Sector Strategy Group, for possible inclusion in a Private Housing Bill. Covers improvements to the system for registration of landlords, enforcement of licensing of HMOs, overcrowding, changes to the tenancy regime; modernising the system for licensing of mobile home sites, and changes to the two 20 year rules that currently limit the length of residential leases. Deadline for comments is 19 April 2010. |
| 521 ## - TARGET AUDIENCE NOTE | |
| Target audience note | Advanced |
| 590 ## - LOCAL NOTE (RLIN) | |
| Local note | KA |
| 650 24 - SUBJECT ADDED ENTRY--TOPICAL TERM | |
| Topical term or geographic name entry element | HOUSING SCOTLAND BILL |
| 651 #4 - SUBJECT ADDED ENTRY--GEOGRAPHIC NAME | |
| Geographic name | Scotland |
| Chronological subdivision | 1999- |
| 690 ## - LOCAL SUBJECT ADDED ENTRY--TOPICAL TERM (OCLC, RLIN) | |
| Topical term or geographic name as entry element | PROPERTY-RESIDENTIAL PROPERTY-DOMESTIC RESIDENTIAL PROPERTY-HOUSING |
| 856 40 - ELECTRONIC LOCATION AND ACCESS | |
| Uniform Resource Identifier | <a href="https://www.scotland.gov.uk/Publications/2010/03/04140613/0">https://www.scotland.gov.uk/Publications/2010/03/04140613/0</a> |
| Public note | View the consultation free of charge at www.scotland.gov.uk... |
| 942 ## - ADDED ENTRY ELEMENTS (KOHA) | |
| Suppress in OPAC | 0 |
| Withdrawn status | Lost status | Source of classification or shelving scheme | Damaged status | Not for loan | Home library | Current library | Shelving location | Date acquired | Total Checkouts | Full call number | Barcode | Date last seen | Copy number | Price effective from | Koha item type |
|---|---|---|---|---|---|---|---|---|---|---|---|---|---|---|---|
| Dewey Decimal Classification | Virtual | Virtual | Online | 08/03/2010 | ONLINE PUBLICATION | 149443-2001 | 06/08/2019 | 1 | 06/08/2019 | Book |